| 000 | 00615nam a2200193 i 4500 | ||
|---|---|---|---|
| 001 | 19061 | ||
| 003 | ES-MaACL | ||
| 005 | 20240426063018.0 | ||
| 007 | t| | ||
| 008 | 020531s1986 pr ||||1| spa d | ||
| 080 | _a821.134.2-19"19" | ||
| 100 | 0 |
_aNieto Peña, Roque, _d1910-1991 _985708 |
|
| 245 | 1 | 0 |
_aCoplillas electorales 1986 / _cRoque Nieto Peña ; [dibujos Elvira Gascón]. |
| 260 |
_aSan Juan, Puerto Rico : _bJuan Ponce de León, _c[1986] |
||
| 300 |
_a15 p. : _bil. ; _c15 cm. |
||
| 700 | 1 |
_aGascón, Elvira. _955850 |
|
| 852 |
_aES-MaACL _j2162-F-15 _bR.123540 |
||
| 999 |
_c19061 _d19061 |
||